000 00697nam a2200265Ia 4500
005 20260302115702.0
008 008 260114s9999 xx 000 0 eng d
020 _a9798765101841
037 _aTextbook
040 _aCRL
040 _beng
040 _cCRL
041 _2eng
041 _aeng
084 _qCRL
100 _aAustin Bunn
_91122341
245 0 _aShort Film Screenwriting A Craft Guide and Anthology
260 _bBloomsbury
260 _bBloomsbury Academic
260 _c2024
650 _aJournalism & mass Comm
856 _uhttps://doi.org/10.5040/9798765101841?locatt=label:secondary_bloomsburyCollections
942 _cEBOOK
999 _c1687115
_d1687115